LEADER 01357nam--2200409---450- 001 990001601430203316 005 20100712130828.0 010 $a88-13-25036-3 035 $a000160143 035 $aUSA01000160143 035 $a(ALEPH)000160143USA01 035 $a000160143 100 $a20040426d2004----km-y0itaa50------ba 101 $aita 102 $aIT 105 $a||||||||001yy 200 1 $a<> sopravvenienze contrattuali tra lacune normative e ricostruzione degli interpreti$fEnrico Al Mureden 210 $aPadova$cCEDAM$d2004 215 $aVII, 180 p.$d24 cm 225 2 $a<> monografie di Contratto e impresa$v79 410 0$12001$a<> monografie di Contratto e impresa$v79 454 1$12001 461 1$1001-------$12001 606 0 $aContratti$xRischio 676 $a346.450 2 700 1$aAL MUREDEN,$bEnrico$0560966 801 0$aIT$bsalbc$gISBD 912 $a990001601430203316 951 $aXXV.1. Coll. 7/ 111(COLL HNG 79)$b39651 G$cXXV.1.Coll. 7$d00093940 959 $aBK 969 $aGIU 979 $aMARIA$b10$c20040426$lUSA01$h1014 979 $aSIAVER1$b90$c20040609$lUSA01$h1038 979 $aRSIAV5$b90$c20091123$lUSA01$h0918 979 $aPATRY$b90$c20100712$lUSA01$h1308 996 $aSopravvenienze contrattuali tra lacune normative e ricostruzione degli interpreti$9945018 997 $aUNISA